Normal view
MARC view
- Remote Sensing & Gis MS-Thesis.
Entry Topical Term
001 - CONTROL NUMBER
- control field: 30072
003 - CONTROL NUMBER IDENTIFIER
- control field: NUST
005 - DATE AND TIME OF LATEST TRANSACTION
- control field: 20200911152859.0
008 - FIXED-LENGTH DATA ELEMENTS
- fixed length control field: 200911|| aca||aabn | a|a d
040 ## - CATALOGING SOURCE
- Original cataloging agency: NUST
- Transcribing agency: NUST
150 ## - HEADING--TOPICAL TERM
- Topical term or geographic name entry element: Remote Sensing & Gis MS-Thesis.
670 ## - SOURCE DATA FOUND
- Source citation: Work cat.: (NUST): Iqra Ashraf 30071, Spatio-Temporal Analysis of Tuberculosis in Relation to Socio-economic and Environmental Factors /, 2015.
